| 000 | 00504nam a2200217 a 4500 | ||
|---|---|---|---|
| 001 | nice12345678 | ||
| 003 | IN_TiNIC | ||
| 005 | 20260116011827.0 | ||
| 008 | 050524s1945 hyda grp 000 0 urd | ||
| 020 |
_a _c100 |
||
| 082 | 0 | 0 |
_a150 _bWOO |
| 100 | _aWoodworth, Robert S | ||
| 245 | _aJiddat-E-Nafsiyat | ||
| 260 |
_aHyderabad _bOsmania University _c1945 |
||
| 300 | _a231p | ||
| 500 | _aincludes index and biblioraphy | ||
| 505 | 2 | _aIndex | |
| 902 | _bSRS | ||
| 942 | _cBK | ||
| 999 |
_c4255 _d4255 |
||